10 Największych państw w historii - Statystyki

Ogólne statystyki
  • Ten quiz został rozwiązany 4 359 razy
  • Średni wynik to 4 z 10
Statystyki odpowiedzi
Podpowiedź. Odpowiedź. % Poprawnych
6. Państwo które istnieje do dziś i rozciąga się od Syberii ,aż po Europe. Rosja
92%
4. Komunistyczny kraj który posiadał charakterystycznego wodza. ZSRR
67%
9. Imperium kolonialne ,które posiadało posiadłości głownie w Afryce ,oraz w Syrii. Francja
55%
5. Imperium kolonialne głównie na terenach poludniowej Ameryki Oraz Meksyku. Hiszpania
53%
1. Największe imperium kolonialne. Imperium brytyjskie
42%
2. Imperium rozciągające się od Azji aż do Europy. Imperium mongolskie
40%
3. Największe państwo 19 wieku. Imperium Rosyjskie
22%
7. Państwo istniejące pod koniec 18 wieku. Największe Państwo Azji. Chiny Qing
3%
10. Jedna z dwóch największych sunnickich dynastii imperium muzułmańskiego, rządząca Kalifatem Bagdadu. Kalifat Abbasydów
3%
8. Dynastia kalifów panująca nad światem islamu w 7/8 wieku. Kalifat Umajjadów
2%
Nie znaleziono quizów pasujących do podanych kryteriów
Rozkład punktacji
Procent ludzi z każdym wynikiem
Percentyl według liczby udzielonych odpowiedzi
Twoja historia wyników
Nie rozwiązałeś tego quizu